| 000 | 00447nam a2200157Ia 4500 | ||
|---|---|---|---|
| 005 | 20250424120308.0 | ||
| 008 | 250424s9999 xx 000 0 und d | ||
| 022 | _a15962822 | ||
| 050 | _aBL 2462.5 .N38/ | ||
| 245 | 0 | _aNational journal of contemporary issues in religions, arts and social studies | |
| 260 | _aLagos | ||
| 260 | _bNigerian Association of Religious scholars | ||
| 260 | _c2007 | ||
| 300 | _aix. , 182 p. ; 28 cm. | ||
| 942 | _cSR | ||
| 999 |
_c38501 _d38501 |
||